Business and Society (Record no. 13186)

MARC details
000 -LEADER
fixed length control field 00416nam a22001817a 4500
003 - CONTROL NUMBER IDENTIFIER
control field OSt
008 - FIXED-LENGTH DATA ELEMENTS--GENERAL INFORMATION
fixed length control field 250331b |||||||| |||| 00| 0 eng d
020 ## - INTERNATIONAL STANDARD BOOK NUMBER
International Standard Book Number 9789355737823
082 ## - DEWEY DECIMAL CLASSIFICATION NUMBER
Classification number 658.80285 CAB
100 ## - MAIN ENTRY--PERSONAL NAME
Personal name CARROLL,Archie B
245 ## - TITLE STATEMENT
Title Business and Society
250 ## - EDITION STATEMENT
Edition statement 10th Ed
260 ## - PUBLICATION, DISTRIBUTION, ETC. (IMPRINT)
Place of publication, distribution, etc New Delhi
Name of publisher, distributor, etc Cengage
300 ## - PHYSICAL DESCRIPTION
Extent 765
700 ## - ADDED ENTRY--PERSONAL NAME
Personal name BROWN,Jill
700 ## - ADDED ENTRY--PERSONAL NAME
Personal name BUCHHOLTZ,Ann K
942 ## - ADDED ENTRY ELEMENTS (KOHA)
Source of classification or shelving scheme Dewey Decimal Classification
Koha item type Text Books
Holdings
Withdrawn status Lost status Source of classification or shelving scheme Damaged status Not for loan Collection code Home library Current library Date acquired Source of acquisition Currency Cost, normal purchase price Bill Number Total Checkouts Full call number Acc. no. / Barcode Date last seen Actual Cost, discounted price Bill Date Koha item type
    Dewey Decimal Classification     MBA PIET C-LIBRARY PIET C-LIBRARY 28/03/2025 Zaffa Books INR 1250.00 ZBD0594   658.80285 CAB 38814 31/03/2025 900.00 28/03/2025 Reference Books
    Dewey Decimal Classification     MBA PIET C-LIBRARY PIET C-LIBRARY 28/03/2025 Zaffa Books INR 1250.00 ZBD0594   658.80285 CAB 38815 31/03/2025 900.00 28/03/2025 Text Books

Design & Developed by: PIET Central Library
R70 Miles Stone Pattikalyana Samalkha Panipat 132102
mail ID :- [email protected], Phone No:- 0180-2569700 Ex.216